Liverpool past and present FIFA cards. - Statistics

General Stats
  • This quiz has been taken 194 times
  • The average score is 12 of 15
Answer Stats
Club on former card FIFA Position Rating Answer % Correct
RB Salzburg 14 LW 69 Sadio Mane
95%
FC Groningen 13 CB 71 Virgil Van Dijk
95%
Dundee United 14 LB 61 Andrew Robertson
92%
Internacional 16 GK 76 Alisson Becker
90%
Hoffenheim 12 CAM 75 Roberto Firmino
90%
FC Basel 14 RM 74 Mohamed Salah
88%
RB Salzburg 15 CM 67 Naby Keita
82%
AS Monaco 14 RB 67 Fabinho
81%
Sunderland 10 RM 67 Jordan Henderson
81%
Sunderland 12 GK 74 Simon Mignolet
76%
Feyenoord 10 CAM 72 Georginio Wijnaldum
75%
Southampton 10 CAM 64 Adam Lallana
72%
Olimpique Lyonnais 11 CB 76 Dejan Lovren
72%
Aston Villa 10 RW 81 James Milner
67%
FC Basel 10 LB 61 Xherdan Shaqiri
58%
No matching quizzes found
Score Distribution
Percent of People with Each Score
Percentile by Number Answered
Your Score History
You have not taken this quiz